|
|
|
|
| LEADER |
00924nam a2200241 a 4500 |
| 001 |
3381463 |
| 008 |
120103s1989 maua b 001 0 eng d |
| 010 |
|
|
|a 88002186
|
| 020 |
|
|
|a 0201120372
|
| 040 |
|
|
|a DLC
|c DLC
|d DLC
|d BD-DhAAL
|
| 082 |
0 |
0 |
|a 005.7/3
|2 19
|
| 100 |
1 |
|
|a Manber, Udi.
|
| 245 |
1 |
0 |
|a Introduction to algorithms :
|b a creative approach /
|c Udi Manber.
|
| 260 |
|
|
|a Reading, Mass. :
|b Addison-Wesley,
|c c1989.
|
| 300 |
|
|
|a xiv, 478 p. :
|b ill. ;
|c 24 cm.
|
| 504 |
|
|
|a Includes Bibliography (p. 445-464.) and index.
|
| 541 |
1 |
|
|e 00024165
|
| 650 |
|
0 |
|a Data structures (Computer science)
|
| 650 |
|
0 |
|a Computer algorithms.
|
| 852 |
1 |
|
|a Ayesha Abed Library
|j General shelf
|
| 942 |
0 |
0 |
|0 1
|
| 999 |
|
|
|c 11712
|d 11712
|
| 952 |
|
|
|0 0
|1 0
|4 0
|6 005_730000000000000_MAN
|7 0
|9 19050
|a BRACUL
|b BRACUL
|c GEN
|d 2012-01-03
|e Parama Publishers and Distributors
|g 7946.00
|l 10
|m 116
|o 005.73 MAN
|p 3010024165
|r 2025-03-02
|s 2025-02-24
|t 1
|w 2012-01-03
|y BK
|